Morning is dawning: Thoughts of hope and comfort. (Запис № 527035)
[ простий вигляд ]
| 000 -LEADER | |
|---|---|
| fixed length control field | 01075nam a2200241K 4500 |
| 001 - CONTROL NUMBER | |
| control field | morningisdawning00robe |
| 003 - CONTROL NUMBER IDENTIFIER | |
| control field | CaSfIA |
| 005 - DATE AND TIME OF LATEST TRANSACTION | |
| control field | 20210118190650.0 |
| 007 - PHYSICAL DESCRIPTION FIXED FIELD--GENERAL INFORMATION | |
| fixed length control field | cr|||| |
| 008 - FIXED-LENGTH DATA ELEMENTS--GENERAL INFORMATION | |
| fixed length control field | 971218s1973 xx 000 0 eng d |
| 040 ## - CATALOGING SOURCE | |
| Original cataloging agency | OMC |
| Transcribing agency | OMC |
| Modifying agency | CaSfIA |
| 035 ## - SYSTEM CONTROL NUMBER | |
| System control number | (OCoLC)38112076 |
| 090 ## - LOCALLY ASSIGNED LC-TYPE CALL NUMBER (OCLC); LOCAL CALL NUMBER (OCLC) | |
| Classification number (OCLC) (R) ; Classification number, CALL (RLIN) (NR) | BV4821 |
| Local cutter number (OCLC) ; Book number/undivided call number, CALL (RLIN) | .R63 1973x |
| 100 1# - MAIN ENTRY--PERSONAL NAME | |
| Personal name | Robe, Diane Oliver. |
| 245 10 - TITLE STATEMENT | |
| Title | Morning is dawning: Thoughts of hope and comfort. |
| Medium | [electronic resource] |
| 260 ## - PUBLICATION, DISTRIBUTION, ETC. (IMPRINT) | |
| Name of publisher, distributor, etc | April House Inc., |
| Date of publication, distribution, etc | 1973. |
| 300 ## - PHYSICAL DESCRIPTION | |
| Extent | Unnumbered. |
| 506 ## - RESTRICTIONS ON ACCESS NOTE | |
| Standardized terminology for access restriction | Необхідна авторизація на https://archive.org/ (створення облікового запису безкоштовно) |
| 506 ## - RESTRICTIONS ON ACCESS NOTE | |
| Standardized terminology for access restriction | Необхідна авторизація на https://openlibrary.org/ (створення облікового запису безкоштовно) |
| 856 41 - ELECTRONIC LOCATION AND ACCESS | |
| Uniform Resource Identifier | <a href="http://www.archive.org/details/morningisdawning00robe">http://www.archive.org/details/morningisdawning00robe</a> |
| Public note | Free eBook from the Internet Archive |
| 856 42 - ELECTRONIC LOCATION AND ACCESS | |
| Uniform Resource Identifier | <a href="http://www.openlibrary.org/books/OL24369269M">http://www.openlibrary.org/books/OL24369269M</a> |
| Public note | Additional information and access via Open Library |
| 942 ## - ADDED ENTRY ELEMENTS (KOHA) | |
| Koha item type | ЕКнига |
Немає доступних примірників.